Marx engels marxism
Zapisane w:
| 1. autor: | |
|---|---|
| Format: | Książka |
| Język: | Undetermined |
| Wydane: |
Moscow
Foreign Languages Publishing House
1951
|
| Hasła przedmiotowe: | |
| Etykiety: |
Dodaj etykietę
Nie ma etykietki, Dołącz pierwszą etykiete!
|
| Thư viện lưu trữ: | Trung tâm Học liệu Trường Đại học Cần Thơ |
|---|
| LEADER | 00493nam a2200181Ia 4500 | ||
|---|---|---|---|
| 001 | CTU_80423 | ||
| 008 | 210402s9999 xx 000 0 und d | ||
| 082 | |a 335.4 | ||
| 082 | |b L566 | ||
| 100 | |a Lenin, V. I. | ||
| 245 | 0 | |a Marx engels marxism | |
| 245 | 0 | |c V. I. Lenin | |
| 260 | |a Moscow | ||
| 260 | |b Foreign Languages Publishing House | ||
| 260 | |c 1951 | ||
| 650 | |a Communism,Marx, karl, 1818-1883 | ||
| 904 | |i Trọng Hải | ||
| 980 | |a Trung tâm Học liệu Trường Đại học Cần Thơ | ||